US Metros by City Population Quiz Stats

 Plays Quiz not verified by Sporcle

Challenge
Share
Tweet
Embed
Score 0/50 Timer 05:00
0 Plays Today
Population Range Metropolitan Statistical Area % Correct
> 500,000New York–Northern New Jersey–Long Island, NY–NJ–PA
97.4%
> 500,000Los Angeles–Long Beach–Santa Ana, CA
96.1%
> 500,000Chicago–Joliet–Naperville, IL–IN–WI
95.3%
> 500,000Dallas–Fort Worth–Arlington, TX
93.2%
> 500,000Houston–Sugar Land–Baytown, TX
92.6%
250,000-499,999Miami–Fort Lauderdale–Pompano Beach, FL
91.1%
> 500,000Philadelphia–Camden–Wilmington, PA–NJ–DE–MD
90.8%
> 500,000Boston–Cambridge–Quincy, MA–NH
88.2%
> 500,000San Francisco–Oakland–Fremont, CA
86.8%
> 500,000Washington–Arlington–Alexandria, DC–VA–MD–WV
85.8%
250,000-499,999Atlanta–Sandy Springs–Marietta, GA
85.5%
> 500,000Detroit–Warren–Livonia, MI
80.5%
250,000-499,999Cleveland-Elyria-Mentor, OH
77.6%
250,000-499,999St. Louis, MO-IL
74.7%
250,000-499,999Tampa-St. Petersburg-Clearwater, FL
74.2%
250,000-499,999Cincinnati-Middletown, OH-KY-IN
72.6%
250,000-499,999Minneapolis–St. Paul–Bloomington, MN–WI
71.8%
250,000-499,999Pittsburgh, PA
68.2%
100,000-249,999Orlando–Kissimmee–Sanford, FL
68.2%
50,000-99,999Portland-South Portland-Biddeford, ME
64.2%
250,000-499,999Riverside–San Bernardino–Ontario, CA
54.7%
100,000-249,999Providence-New Bedford-Fall River, RI-MA
53.9%
100,000-249,999Hartford-West Hartford-East Hartford, CT
52.9%
100,000-249,999Salt Lake City, UT
51.3%
250,000-499,999Sacramento–Arden–Arcade–Roseville, CA
48.7%
Population Range Metropolitan Statistical Area % Correct
100,000-249,999Rochester, NY
48.7%
100,000-249,999Birmingham-Hoover, AL
44.7%
50,000-99,999Albany-Schenectady-Troy, NY
43.9%
100,000-249,999Richmond, VA
40.5%
100,000-249,999New Haven-Milford, CT
40%
100,000-249,999Bridgeport-Stamford-Norwalk, CT
37.6%
100,000-249,999Dayton, OH
30.5%
50,000-99,999Scranton–Wilkes-Barre, PA
24.7%
< 50,000Harrisburg-Carlisle, PA
19.7%
50,000-99,999Youngstown-Warren-Boardman, OH-PA
17.1%
50,000-99,999Greenville-Mauldin-Easley, SC
15.3%
50,000-99,999Lancaster, PA
11.6%
< 50,000Poughkeepsie-Newburgh-Middletown, NY
10.3%
< 50,000Atlantic City, NJ
9.2%
< 50,000York-Hanover, PA
8.9%
50,000-99,999Ogden-Clearfield, UT
7.9%
50,000-99,999Lakeland-Winter Haven, FL
7.6%
50,000-99,999North Port-Bradenton-Sarasota, FL
7.1%
50,000-99,999Deltona-Daytona Beach-Ormond Beach, FL
6.8%
< 50,000Naples-Marco Island, FL
6.6%
< 50,000Huntington-Ashland, WV-KY-OH
6.1%
< 50,000Spartanburg, SC
5.5%
< 50,000Norwich-New London, CT
5%
< 50,000Hickory-Lenoir-Morganton, NC
4.7%
< 50,000Myrtle Beach-North Myrtle Beach-Conway, SC
3.7%

You're not logged in!

Compare scores with friends on all Sporcle quizzes.
OR
Log In

You Might Also Like...

Show Comments

Extras

Top Quizzes Today


Score Distribution

Your Account Isn't Verified!

In order to create a playlist on Sporcle, you need to verify the email address you used during registration. Go to your Sporcle Settings to finish the process.

Report this User

Report this user for behavior that violates our Community Guidelines.

Details: